[Event "LTU-ch"]
[Site "Vilnius"]
[Date "1995.??.??"]
[Round "2"]
[White "Kondroska, Vaidotas"]
[Black "Jocys, Dalius"]
[Result "0-1"]
[WhiteElo "2080"]
[BlackElo "2155"]

1.d4 Nf6 2.Bg5 Ne4 3.Bf4 c5 4.d5 d6 5.Nd2 Nf6 6.e4 g6 7.c3 Bg7 8.h3 O-O 9.Ngf3 Na6
10.Bxa6 bxa6 11.O-O Rb8 12.Qc2 a5 13.Rfd1 Qb6 14.Rab1 Bd7 15.Nc4 Qa6 16.Ne3 Nh5
17.Bh2 f5 18.exf5 gxf5 19.Ng5 Bh6 20.Ne6 Bxe6 21.dxe6 Bxe3 22.fxe3 Qc4 23.e4 fxe4
24.Re1 Nf6 25.g4 h6 26.Qd2 Kh7 27.Bf4 Qd3 28.Qxd3 exd3 29.c4 Rb4 30.b3 a4
31.Bd2 Rb6 32.Re3 d5 33.cxd5 c4 34.d6 exd6 35.e7 Re8 36.Rf1 d5 37.Bc3 Kg6
38.bxc4 dxc4 39.Re5 Nd7 40.Re4 Rc6 41.h4 h5 42.gxh5+ Kxh5 43.Rf5+ Kg6 44.Rd5 Nf6
45.Rg5+ Kf7 46.Bxf6 Kxf6 47.Rf4+ Kxe7  0-1

[Event "AUT-chT9596"]
[Site "Vorarlberg"]
[Date "1995.??.??"]
[Round "8"]
[White "Heinritz, Dietmar"]
[Black "Marte, Stefan"]
[Result "1-0"]
[WhiteElo "1705"]
[BlackElo "1770"]

1.d4 Nf6 2.Bg5 Ne4 3.Bh4 d5 4.f3 Nd6 5.Nc3 Nc4 6.Qc1 c5 7.e3 cxd4 8.exd4 Qb6
9.Bxc4 Qxd4 10.Bb5+ Nc6 11.Bf2 Qb4 12.Qd2 e6 13.a3 Qxb2 14.Ra2  1-0

[Event "Wattens op"]
[Site "Wattens"]
[Date "1995.??.??"]
[Round "?"]
[White "Laube, Bernhard"]
[Black "Konopelchenkova, Tatjana"]
[Result "1-0"]
[WhiteElo "2285"]
[BlackElo "2000"]

1.d4 Nf6 2.Bg5 Ne4 3.Bf4 c5 4.f3 Nf6 5.d5 d6 6.c4 b5 7.cxb5 a6 8.e4 g6 9.Nc3 Bg7
10.Qd2 Qa5 11.Bh6 O-O 12.Bxg7 Kxg7 13.Bd3 Bd7 14.bxa6 Nxa6 15.Nge2 Rfb8 16.Bc4 Qb4
17.b3 Nc7 18.a4 e6 19.Ra2 exd5 20.exd5 Re8 21.Rc2 Bf5 22.Rb2 Nd7 23.Nb5 Qxd2+
24.Rxd2 Nxb5 25.Bxb5 h5 26.Kf2 Re5 27.Ng3 Nf6 28.Nxf5+ Rxf5 29.Re1 Rb8 30.Bc4 Ng4+
31.Kg1 Ne5 32.Bb5 Rf4 33.Re4 Rxe4 34.fxe4 Ng4 35.Re2 Kf6 36.h3 Nh6 37.e5+ dxe5
38.Rc2 Ke7 39.Rxc5 Kd6 40.b4 Nf5 41.a5 Ne7 42.a6 Nc8 43.Rc6+ Kxd5 44.Rc7 f5
45.Rd7+ Ke6 46.Rb7 Ra8 47.Bd7+ Kd6 48.Bxc8 Rxc8 49.a7 Rc1+ 50.Kh2 Ra1 51.b5 e4
52.Rb6+  1-0

[Event "Wattens op"]
[Site "Wattens"]
[Date "1995.??.??"]
[Round "?"]
[White "Wagner, Benedikt"]
[Black "Thoeny, Hermann"]
[Result "0-1"]
[WhiteElo "1935"]
[BlackElo "2080"]

1.d4 Nf6 2.Bg5 Ne4 3.Bf4 c5 4.f3 Qa5+ 5.c3 Nf6 6.Nd2 cxd4 7.Nb3 Qb6 8.cxd4 d5
9.e3 Nc6 10.Ne2 e6 11.Nc3 a6 12.Rc1 Be7 13.Bd3 O-O 14.Bg5 h6 15.Bh4 Re8 16.O-O Bd7
17.Bf2 Na5 18.Nxa5 Qxa5 19.e4 b5 20.e5 Nh7 21.Ne2 Rec8 22.Bb1 b4 23.Be3 Bb5
24.Rxc8+ Rxc8 25.f4 Qb6 26.Rf2 f5 27.g4 g6 28.gxf5 exf5 29.h4 Bxh4 30.Rh2 Qd8
31.Bf2 Bxe2 32.Qxe2 Rc1+ 33.Kg2 Bxf2 34.Qxa6 Bxd4 35.Qxg6+ Kh8 36.Rxh6 Rg1+  0-1

[Event "Wattens op"]
[Site "Wattens"]
[Date "1995.??.??"]
[Round "?"]
[White "Wagner, Benedikt"]
[Black "Netolitzky, Gregor"]
[Result "1-0"]
[WhiteElo "1935"]
[BlackElo "2235"]

1.d4 Nf6 2.Bg5 Ne4 3.Bf4 c5 4.f3 Qa5+ 5.c3 Nf6 6.Nd2 cxd4 7.Nb3 Qb6 8.cxd4 d5
9.e3 Bf5 10.Ne2 e6 11.Nc3 Bb4 12.Bd3 O-O 13.O-O Nbd7 14.Rc1 Rfc8 15.Bxf5 exf5
16.Qd3 g6 17.Na4 Qd8 18.Qb5 Bf8 19.Qxb7 Qe8 20.Nac5 Nxc5 21.Nxc5 Rc6 22.Nd7  1-0

[Event "Wattens op"]
[Site "Wattens"]
[Date "1995.??.??"]
[Round "?"]
[White "Baur, Helmut"]
[Black "Ritz, Thomas"]
[Result "0-1"]
[WhiteElo "1650"]
[BlackElo "2040"]

1.d4 Nf6 2.Bg5 Ne4 3.Bh4 c5 4.f3 Qa5+ 5.c3 Nf6 6.dxc5 Qxc5 7.Bf2 Qa5 8.e4 Nc6
9.Bd3 g6 10.Ne2 Bg7 11.Nd2 d6 12.O-O O-O 13.Nb3 Qc7 14.Nbd4 Bd7 15.Nxc6 bxc6
16.Qc2 e5 17.c4 Nh5 18.b4 f5 19.Rab1 Be6 20.a4 Bh6 21.Ra1 Rf7 22.Rfb1 Qe7
23.b5 Rc8 24.b6 axb6 25.Rxb6 d5 26.cxd5 cxd5 27.Rxe6 Qxe6 28.Qb3 fxe4 29.Bxe4 Nf6
30.Bd3 e4 31.fxe4 Nxe4 32.Bb6 Nd2 33.Qb5 Qf6  0-1

[Event "EU-ch U18"]
[Site "Zagan"]
[Date "1995.??.??"]
[Round "4"]
[White "Dumitrescu, Dragos"]
[Black "Protaziuk, Grzegorz"]
[Result "1/2-1/2"]
[WhiteElo "2375"]
[BlackElo "2285"]

1.d4 Nf6 2.Bg5 Ne4 3.Bh4 c5 4.f3 g5 5.fxe4 gxh4 6.e3 Bh6 7.Kf2 e6 8.Nf3 Qb6
9.Nc3 cxd4 10.Qxd4 Qxd4 11.exd4 Nc6 12.Nb5 Ke7 13.c3 a6 14.Na3 Rg8 15.Bd3 h3
16.g3 d6 17.Nc4 b5 18.Ne3 Bd7 19.Rhe1 Bg7 20.Bf1 Rgc8 21.Bxh3 b4 22.Nd5+ exd5
23.exd5+ Ne5 24.Bxd7 Kxd7 25.dxe5 bxc3 26.bxc3 Rxc3 27.Rab1 Rc2+ 28.Kg1 dxe5
29.Nxe5+ Bxe5 30.Rxe5 Ra7 31.Rf5 Ke7 32.Rb6 Rxa2 33.d6+ Kf8 34.Rc5 Kg7 35.Rg5+ Kf6
36.Rh5 Kg7 37.Rg5+ Kf6 38.Rh5 Kg7 39.g4 Rd7 40.Rd5 a5  1/2-1/2

[Event "EU-ch U16"]
[Site "Zagan"]
[Date "1995.??.??"]
[Round "10"]
[White "Mah, Karl"]
[Black "Vaklinov, Atanas"]
[Result "1/2-1/2"]
[WhiteElo "2200"]
[BlackElo "2025"]

1.d4 Nf6 2.Bg5 Ne4 3.h4 c5 4.d5 Qb6 5.Qc1 d6 6.Nd2 Nxd2 7.Bxd2 Nd7 8.Bc3 Nf6
9.Bxf6 gxf6 10.c3 f5 11.Nh3 e6 12.dxe6 fxe6 13.e4 fxe4 14.Be2 Bd7 15.Qg5 Be7
16.Qg7 Rf8 17.O-O-O d5 18.Ng5 Bxg5+ 19.Qxg5 Bc6 20.Qh5+ Rf7 21.Bg4 Bd7 22.Qg5 Kf8
23.Qh6+  1/2-1/2

[Event "EU-ch U18"]
[Site "Zagan"]
[Date "1995.??.??"]
[Round "10"]
[White "Dumitrescu, Dragos"]
[Black "Socko, Bartosz"]
[Result "1/2-1/2"]
[WhiteElo "2375"]
[BlackElo "2485"]

1.d4 Nf6 2.Bg5 Ne4 3.Bh4 c5 4.f3 g5 5.fxe4 gxh4 6.e3 Bh6 7.Kf2 cxd4 8.exd4 Qb6
9.Nc3 e6 10.Nf3 Nc6 11.Bb5 d6 12.Re1 Bd7 13.a4 Bg7 14.Bxc6 Bxc6 15.Qd3 h3
16.a5 Qc7 17.g3 O-O 18.Kg1 f5 19.Ng5 Rae8 20.exf5 Rxf5 21.Nxe6 Qf7 22.Nxg7 Rxe1+
23.Rxe1 Rf2 24.Ne4 Rg2+ 25.Kh1 Kxg7 26.c4 Bxe4 27.Qxe4 h5 28.b4 Rf2 29.Kg1 Rg2+
30.Kh1 Kf8 31.d5 Rb2 32.b5 Ra2 33.b6 axb6 34.axb6 Rd2 35.Qe3 Rc2 36.Kg1 Rg2+
37.Kh1 Rc2 38.Kg1 Rg2+ 39.Kh1 Rc2  1/2-1/2

[Event "EU-ch U16"]
[Site "Zagan"]
[Date "1995.??.??"]
[Round "11"]
[White "Dearing, Eddie"]
[Black "Felecan, Florin"]
[Result "0-1"]
[WhiteElo "2060"]
[BlackElo "2270"]

1.d4 Nf6 2.Bg5 Ne4 3.h4 c5 4.d5 g6 5.Qd3 Nxg5 6.hxg5 Bg7 7.Nc3 d6 8.O-O-O a6
9.e4 b5 10.f4 c4 11.Qg3 b4 12.Nce2 c3 13.Nf3 cxb2+ 14.Kb1 Nd7 15.Ned4 Nc5
16.Qe1 Bb7 17.Bc4 Qb6 18.e5 Na4 19.Rd3 Nc3+ 20.Rxc3 bxc3 21.f5 Bxe5 22.fxg6 hxg6
23.Nxe5 Rxh1 24.Qxh1 dxe5 25.Qh8+ Kd7 26.Qxe5 Qd6 27.Qe4 Rh8 28.Qe1 Qg3  0-1

[Event "Zlin-B"]
[Site "Zlin"]
[Date "1995.??.??"]
[Round "?"]
[White "Cech, Pavel"]
[Black "Sluka, Radek"]
[Result "1-0"]
[WhiteElo "2360"]
[BlackElo "2310"]

1.d4 Nf6 2.Bg5 Ne4 3.h4 d5 4.Nd2 Nxg5 5.hxg5 g6 6.Ngf3 h5 7.e3 Bg7 8.c4 c6
9.Qb3 O-O 10.Rc1 Qd6 11.Bd3 Nd7 12.c5 Qc7 13.e4 e5 14.exd5 cxd5 15.Qxd5 Nb6
16.Qd6 Qxd6 17.cxd6 exd4 18.Ne4 Bf5 19.Kd2 Nd5 20.Rc5 Nf4 21.Rxf5 gxf5 22.Ng3 f6
23.Nxf5 fxg5 24.Nxg5 Rxf5 25.Bxf5 Bh6 26.Ne4 Rf8 27.g4 Ng2+ 28.Kd3 h4 29.Kxd4 Bg7+
30.Kd3 Bxb2 31.d7 Be5 32.Ng5 Rd8 33.Ke4 Bf6 34.Be6+ Kf8 35.Nf7 Rxd7 36.Bxd7 Kxf7
37.Kf3 h3 38.Rxh3 Ne1+ 39.Ke4 Nc2 40.Ba4 Nb4 41.Bb3+ Kg6 42.f4 Na6 43.Kf3 Nc5
44.Bc2+ Kf7 45.g5 Bg7 46.f5 b5 47.f6 Bf8 48.Rh7+ Ke6  1-0

[Event "Aegina op"]
[Site "Aegina"]
[Date "1996.??.??"]
[Round "6"]
[White "Raptis, Georgios"]
[Black "Papastavropoulos, Andreas"]
[Result "0-1"]
[WhiteElo "2160"]
[BlackElo "2245"]

1.d4 Nf6 2.Bg5 Ne4 3.h4 c5 4.dxc5 Qa5+ 5.Nd2 Nxg5 6.hxg5 Qxc5 7.Ngf3 Nc6
8.Nb3 Qb6 9.c3 a5 10.a4 g6 11.Nfd4 Bg7 12.Nb5 d6 13.e3 Bd7 14.Bc4 Ne5 15.Be2 Rc8
16.Rh4 f6 17.Qd5 fxg5 18.Rxh7 Rxh7 19.Qg8+ Bf8 20.Qxh7 Bf5 21.Qg8 Nd3+ 22.Bxd3 Bxd3
23.Qe6 Bf5 24.Qd5 Qc6 25.Qf3 Qxf3 26.gxf3 b6 27.e4 Bd7 28.O-O-O Bg7 29.N3d4 Rc4
30.b3 Rc5 31.c4 Be5 32.Rg1 Kf7 33.Kb1 Kf6 34.Rh1 Kg7 35.Rg1 Bf6 36.Rd1 Rc8
37.Nc3 Rf8 38.Nce2 Be5 39.Rd3 g4 40.Ng1 Bxd4 41.Rxd4 gxf3 42.e5 Bf5+ 43.Kc1 dxe5
44.Rd5 e4 45.Rb5 Rh8 46.Kd2 Rh1 47.Ne2 fxe2 48.Kxe2 Bg4+ 49.Ke3 Rh3+ 50.Kxe4 Bd1
51.b4  0-1

[Event "BRA-ch"]
[Site "Americana"]
[Date "1996.??.??"]
[Round "6"]
[White "Disconzi da Silva, Rodrigo"]
[Black "Gomes, Luiz A"]
[Result "1-0"]
[WhiteElo "2345"]
[BlackElo "2310"]

1.d4 Nf6 2.Bg5 Ne4 3.Bh4 c5 4.f3 Nf6 5.d5 d6 6.c4 Nbd7 7.Nc3 g6 8.e4 Bg7
9.Nh3 a6 10.a4 Qa5 11.Be2 h6 12.O-O g5 13.Be1 Qc7 14.Nf2 Ne5 15.Bd2 Bd7 16.Kh1 Ng6
17.Nd3 Nh5 18.g3 Bh3 19.Re1 Bd4 20.Bf1 Bxf1 21.Rxf1 Qd7 22.Qe2 Qh3 23.Qg2 Qxg2+
24.Kxg2 Ne5 25.Nxe5 Bxe5 26.a5 O-O-O 27.Rab1 Nf6 28.Na4 g4 29.b4 cxb4 30.Rxb4 gxf3+
31.Kxf3 Bd4 32.Rfb1 Rd7 33.Bf4 Nh5 34.Bd2 Nf6 35.R4b3 Rc7 36.c5 Nd7 37.cxd6 exd6
38.Bf4 Ne5+ 39.Bxe5 Bxe5 40.Rb4 h5 41.Nb6+ Kb8 42.Nc4 f6 43.R1b3 Rd8 44.Kg2 Rdd7
45.Rf3 Rc5 46.Rf5 Rh7 47.Kh3 Rhc7 48.Nxe5 fxe5 49.Ra4 Rc4 50.Rxc4 Rxc4 51.Rxh5 Rxe4
52.g4 Kc8 53.g5 Kd8 54.g6 Ke7 55.Rf5 Rc4 56.Rf7+ Ke8 57.Rxb7 Kf8 58.Kg3 e4
59.h4 e3 60.h5 e2 61.Kf2 Rh4 62.Rh7 Rh2+ 63.Ke1 Kg8 64.Kd2 Rg2 65.Rd7 Rg5
66.Rxd6 Re5 67.Ke1 Rxh5 68.Kxe2  1-0

[Event "Andorra"]
[Site "Andorra"]
[Date "1996.??.??"]
[Round "7"]
[White "Garcia, Raul"]
[Black "Kiselev, Sergey"]
[Result "0-1"]
[WhiteElo "2285"]
[BlackElo "2545"]

1.d4 Nf6 2.Bg5 Ne4 3.Bf4 c5 4.f3 Nf6 5.dxc5 Na6 6.e4 Nxc5 7.Nc3 Ne6 8.Be3 Qa5
9.a3 g6 10.b4 Qc7 11.Nd5 Nxd5 12.exd5 Bg7 13.Ra2 Qe5 14.Kf2 Nd4 15.Ne2 Nf5
16.Bf4 Qf6 17.c4 e5 18.dxe6 fxe6 19.Qd2 h6 20.Ng3 Qh4 21.Ke2 Nd4+ 22.Kd1 d5
23.Bd3 O-O 24.Bd6 Rd8 25.c5 Bd7 26.Qf4 Qxf4 27.Bxf4 e5 28.Bc1 a5 29.bxa5 Rxa5
30.Bxg6 e4 31.Be3 Ba4+ 32.Ke1 Nc2+ 33.Kf2 d4 34.Bf4 e3+ 35.Ke2 Bb5+ 36.Bd3 Bxd3+
37.Kxd3 Nb4+ 38.axb4 Rxa2 39.Nf5 Rxg2 40.Nxh6+ Bxh6 41.Bxh6 Rd2+ 42.Kc4 Rc2+
43.Kd3 Rc3+ 44.Ke4 e2 45.Bd2 Rb3 46.h4 d3 47.h5 Rb2 48.Ke3 Re8+  0-1

[Event "BEL-chT9596"]
[Site "Antwerp"]
[Date "1996.??.??"]
[Round "?"]
[White "Degraeve, Jean Marc"]
[Black "Geenen, Marc"]
[Result "1-0"]
[WhiteElo "2425"]
[BlackElo "2295"]

1.d4 Nf6 2.Bg5 Ne4 3.Bf4 d5 4.Nd2 Bf5 5.e3 e6 6.Bd3 Bd6 7.Bxe4 dxe4 8.Ne2 Nc6
9.Bg3 e5 10.Nc4 Be6 11.Nxe5 Bxe5 12.Bxe5 Nxe5 13.dxe5 Qg5 14.Qd4 Qxg2 15.O-O-O O-O
16.Ng3 Qxf2 17.Nxe4 Qe2 18.Rhg1 Qc4 19.b3 Qxd4 20.exd4 Bf5 21.Nf6+ Kh8 22.Nh5 c6
23.h4 Rad8 24.Nxg7 Bg6 25.e6  1-0

[Event "Antwerp op"]
[Site "Antwerp"]
[Date "1996.??.??"]
[Round "3"]
[White "Legky, Nikolay A"]
[Black "De Jonghe, Peter"]
[Result "1-0"]
[WhiteElo "2540"]
[BlackElo "2245"]

1.d4 Nf6 2.Bg5 Ne4 3.Bf4 d5 4.e3 e6 5.Bd3 Nd7 6.Ne2 Ndf6 7.f3 Nd6 8.g4 c5
9.dxc5 Qa5+ 10.Nbc3 Qxc5 11.Nd4 Nd7 12.Qe2 a6 13.O-O-O b5 14.Nb3 Qb6 15.Rhe1 b4
16.Nxd5 exd5 17.e4 d4 18.e5 Nb5 19.Be4 Ra7 20.Bf5 Bc5 21.e6 O-O 22.exd7 Bxd7
23.Nxc5 Qxc5 24.Qe7 Qd5 25.Bxh7+ Kxh7 26.Qxf8 Qxa2 27.Be5 f6 28.Bxf6 Be6
29.Re5  1-0

[Event "Antwerp op"]
[Site "Antwerp"]
[Date "1996.??.??"]
[Round "4"]
[White "Groffen, Hans"]
[Black "Grooten, Herman"]
[Result "1-0"]
[WhiteElo "2145"]
[BlackElo "2375"]

1.d4 Nf6 2.Bg5 Ne4 3.Bf4 c5 4.d5 Qb6 5.Bc1 e6 6.f3 Qa5+ 7.c3 Nf6 8.e4 d6
9.Bd2 exd5 10.c4 Qb6 11.cxd5 Qxb2 12.Nc3 Qb6 13.Rb1 Qd8 14.f4 Be7 15.Nf3 O-O
16.Bc4 Nbd7 17.e5 Ng4 18.h3 Bh4+ 19.Kf1 Nh6 20.g4 Nb6 21.Bd3 c4 22.Bc2 dxe5
23.fxe5 Nxd5 24.Nxd5 Qxd5 25.Bxh6 Qc6 26.Bc1 b5 27.Rh2 Be7 28.Nd4 Qc7 29.Qe2 a6
30.Nf5 Bc5 31.Qe4 f6 32.e6 g6 33.Nh6+ Kg7 34.Bf4 Qe7 35.Re2 Bb7 36.Nf5+ gxf5
37.Qxf5 Kh8 38.Rd1 Rad8 39.Rd7 Rxd7 40.exd7 Qf7 41.Qxc5 Rd8 42.Re7  1-0

[Event "Antwerp op"]
[Site "Antwerp"]
[Date "1996.??.??"]
[Round "8"]
[White "Lobron, Eric"]
[Black "Visser, Yge"]
[Result "1-0"]
[WhiteElo "2585"]
[BlackElo "2395"]

1.d4 Nf6 2.Bg5 Ne4 3.Bf4 d5 4.e3 c5 5.Bd3 g6 6.Bxe4 dxe4 7.Nc3 Bg7 8.Nge2 cxd4
9.exd4 O-O 10.Qd2 Nc6 11.d5 Na5 12.b3 Bg4 13.Rd1 e6 14.dxe6 Qxd2+ 15.Rxd2 fxe6
16.Be3 Bxe2 17.Nxe2 Nc6 18.O-O Be5 19.Ng3 Bxg3 20.hxg3 Rad8 21.Rfd1 Rxd2
22.Rxd2 Rf5 23.Rd6 Rd5 24.Rxe6 Ne5 25.Bd4 Rxd4 26.Rxe5 Kf7 27.Rc5 Rd1+ 28.Kh2 Rd2
29.Rc7+ Kf6 30.Rxb7 Rxf2 31.Rxa7  1-0

[Event "POL-chT"]
[Site "Augustow"]
[Date "1996.??.??"]
[Round "?"]
[White "Okuniewski, Boguslaw"]
[Black "Szelag, Marcin"]
[Result "1/2-1/2"]
[WhiteElo "2285"]
[BlackElo "2210"]

1.d4 Nf6 2.Bg5 Ne4 3.h4 c5 4.Nf3 Qb6 5.b3 cxd4 6.Qxd4 Qxd4 7.Nxd4 Nxg5 8.hxg5 g6
9.e3 Bg7 10.Nd2 Nc6 11.c3 O-O 12.Be2 d5 13.Rc1 Bd7 14.Nxc6 Bxc6 15.Bg4 e6
16.f4 Rfc8 17.Nf3 Bb5 18.Kd2 Rc5 19.Nd4 Bd7 20.c4 e5 21.Bxd7 exd4 22.cxd5 Rxd5
23.Rc8+ Rxc8 24.Bxc8 dxe3+ 25.Kxe3 b6 26.Rc1 Bf8 27.Rc7 Bc5+ 28.Ke2 Rd4 29.g3 Re4+
30.Kf3 Re7 31.Rxe7  1/2-1/2

[Event "AUT-chT9697"]
[Site "Austria"]
[Date "1996.??.??"]
[Round "5"]
[White "Moser, Guenter"]
[Black "Loebler, Heimo"]
[Result "1-0"]
[WhiteElo "2340"]
[BlackElo "2275"]

1.d4 Nf6 2.Bg5 Ne4 3.Bf4 c5 4.d5 g6 5.Nd2 Nxd2 6.Qxd2 d6 7.e4 Qb6 8.c3 Bg7
9.h4 h5 10.Nf3 Nd7 11.Be2 Nf6 12.Ng5 O-O 13.O-O Qc7 14.Kh1 Rb8 15.Bg3 b5
16.f4 Bh6 17.Qc2 Bg4 18.Rae1 Bxe2 19.Qxe2 Bxg5 20.hxg5 Ng4 21.e5 dxe5 22.fxe5 Rbd8
23.d6 exd6 24.e6 Ne5 25.Rf6 Kg7 26.Bxe5 dxe5 27.Qe4 Qd6 28.exf7 Qd3 29.Rxg6+ Kxf7
30.Rf6+ Kg7 31.Qxe5 Qd5 32.Qe7+ Rf7 33.Rxf7+ Qxf7 34.Qxd8  1-0

[Event "AUT-chT9596"]
[Site "?"]
[Date "1996.??.??"]
[Round "?"]
[White "Moser, Guenter"]
[Black "Bukacek, Emil"]
[Result "1/2-1/2"]
[WhiteElo "2325"]
[BlackElo "2320"]

1.d4 Nf6 2.Bg5 Ne4 3.Be3 d5 4.f3 Nf6 5.c3 e6 6.Nd2 Be7 7.Bf2 b6 8.Qc2 c5
9.e3 Nc6 10.Bb5 Bb7 11.g4 a6 12.Bxc6+ Bxc6 13.Bg3 Nd7 14.h4 b5 15.Ne2 Rc8
16.a3 a5 17.Kf2 Qb6 18.Rhc1 O-O 19.b3 Bb7 20.Qb2 f6 21.b4 axb4 22.axb4 c4
23.f4  1/2-1/2

[Event "AUT-chT2S 9596"]
[Site "AUT"]
[Date "1996.??.??"]
[Round "?"]
[White "Schieder, Andreas"]
[Black "Klocker, Hartmut"]
[Result "0-1"]
[WhiteElo "2010"]
[BlackElo "2205"]

1.d4 Nf6 2.Bg5 Ne4 3.h4 c5 4.dxc5 Qa5+ 5.Nd2 Nxg5 6.hxg5 Qxc5 7.g6 fxg6 8.e4 Nc6
9.Ngf3 e6 10.Nb3 Qb4+ 11.Nfd2 Be7 12.f4 a5 13.Qf3 a4 14.c3 Qb6 15.Nc4 Qc7
16.Nd4 Nxd4 17.cxd4 a3 18.b3 O-O 19.e5 Bb4+ 20.Kf2 d5 21.Ne3 Bd7 22.Bd3 Qc3
23.Nc2 Rxf4 24.Qxf4 Qxd3 25.Nxb4 Qc3 26.Qe3 Rf8+ 27.Ke2 Bb5+ 28.Nd3 Qb2+
29.Kd1 Qxa1+ 30.Nc1 Qb2 31.Qd2 Rf2 32.Qe3 Qc2+  0-1

[Event "AUT-chT2S 9596"]
[Site "AUT"]
[Date "1996.??.??"]
[Round "?"]
[White "Loebler, Heimo"]
[Black "Fabisch, Christian"]
[Result "1-0"]
[WhiteElo "2250"]
[BlackElo "2210"]

1.d4 Nf6 2.Bg5 Ne4 3.Bf4 d5 4.f3 Nf6 5.e4 e6 6.e5 Nfd7 7.Be3 c5 8.c3 Nc6
9.f4 b6 10.Bb5 Bb7 11.Nf3 a6 12.Be2 b5 13.O-O Rc8 14.f5 exf5 15.Ng5 h6 16.Nh3 g6
17.g4 Qh4 18.Nf4 Nd8 19.Ng2 Qe7 20.gxf5 gxf5 21.Rxf5 Ne6 22.Bh5 Rh7 23.Nd2 cxd4
24.cxd4 Nb6 25.Nf1 Ng5 26.Bxg5 hxg5 27.e6 Kd8 28.exf7 Nc4 29.b3 Qe4 30.Ng3 Ne3
31.Nxe4 Nxd1 32.Nxg5 Rxh5 33.Ne6+ Ke7 34.Rxh5 Kxe6 35.Rxd1 Kxf7 36.Rf1+ Kg8
37.Rg5+ Bg7 38.Nh4 Kh8 39.Nf5 Bf6 40.Rg6 Rg8 41.Rxg8+ Kxg8 42.Rc1  1-0

[Event "AUT-chT2S 9596"]
[Site "AUT"]
[Date "1996.??.??"]
[Round "?"]
[White "Insam, Heinz"]
[Black "Loebler, Heimo"]
[Result "1-0"]
[WhiteElo "2275"]
[BlackElo "2250"]

1.d4 Nf6 2.Bg5 Ne4 3.Bf4 c5 4.dxc5 Nxc5 5.Nc3 Nc6 6.e4 Ne6 7.Be3 Qa5 8.Qd5 g6
9.Qxa5 Nxa5 10.Nd5 b6 11.Nf3 Bb7 12.Nd4 Rc8 13.O-O-O Nxd4 14.Bxd4 Bh6+ 15.Kb1 f6
16.h4 Kf7 17.Rh3 Bxd5 18.exd5 Bf4 19.Ba6 Rc7 20.Rc3 Rb8 21.a4 Nb7 22.g3 Bd6
23.b4 Rbc8 24.Rxc7 Rxc7 25.c3 Nd8 26.f4 h6 27.Kb2 Kg7 28.Kb3 Nf7 29.c4 g5
30.hxg5 hxg5 31.a5 bxa5 32.c5 axb4 33.cxd6 exd6 34.Re1 g4 35.Kxb4 Nh6 36.Re7+ Kf8
37.Rh7 Nf5 38.Bxf6 Nxg3 39.Bd3 Rc1 40.Bg6 a5+  1-0

[Event "AUT-ch"]
[Site "AUT"]
[Date "1996.??.??"]
[Round "6"]
[White "Loebler, Heimo"]
[Black "Muellneritsch, Anton"]
[Result "0-1"]
[WhiteElo "2275"]
[BlackElo "2180"]

1.d4 Nf6 2.Bg5 Ne4 3.Bf4 c5 4.f3 Qa5+ 5.c3 Nf6 6.Nd2 cxd4 7.Nb3 Qb6 8.Qxd4 Qxd4
9.cxd4 Nc6 10.e4 e6 11.Rc1 Be7 12.Be3 O-O 13.Be2 d6 14.Nh3 a5 15.a4 Bd7 16.Bb5 Rfc8
17.Ke2 Nb4 18.Nf2 Bxb5+ 19.axb5 a4 20.Nd2 Nc2 21.Nb1 d5 22.e5 Nd7 23.Nd3 Nxe3
24.Kxe3 Nb6 25.Ke2 f6 26.f4 Nc4 27.Rc2 Ra5 28.Nc3 fxe5 29.fxe5 b6 30.Ra1 a3
31.b4 Raa8 32.Nb1 Rf8 33.Rca2 Ra4 34.Nc3 Ra7 35.g3 Bg5 36.Nd1 Bd2 37.Rxd2 Nxd2
38.Kxd2 Rf1 39.Ke2 Rh1 40.h4 Rh2+ 41.N1f2 a2 42.Ke3 Ra3 43.Ke2 Rxd3 44.Kxd3 Rxf2
45.Kc3 h5 46.Kb3 Kf7 47.Rc1 Kg6  0-1

[Event "Barcelona op"]
[Site "Barcelona"]
[Date "1996.??.??"]
[Round "?"]
[White "Mellado Trivino, Juan"]
[Black "Narciso Dublan, Marc"]
[Result "1/2-1/2"]
[WhiteElo "2470"]
[BlackElo "2440"]

1.d4 Nf6 2.Bg5 Ne4 3.Bf4 c5 4.f3 Qa5+ 5.c3 Nf6 6.Nd2 cxd4 7.Nb3 Qf5 8.Bxb8 Rxb8
9.Qxd4 b6 10.e4 Qf4 11.Nh3 Qc7 12.e5 Ng8 13.Ng5 Nh6 14.O-O-O e6 15.Bd3 Be7
16.h4 a5 17.Bb5 Nf5 18.Qf4 h6 19.Ne4 O-O 20.Nd4 Nxh4 21.Rxh4 Bxh4 22.Qxh4 Qxe5
23.Re1 f5 24.Nd2 Qc5 25.f4 Rb7 26.Re5 d5 27.a4 Rc7 28.N2f3 Rf6 29.Qe1 Qd6
30.Kb1 Re7 31.g3 Bd7 32.Re3 Bxb5 33.Nxb5 Qc5 34.Ne5 Kh7 35.Nd4  1/2-1/2

[Event "Beersheba"]
[Site "Beersheba"]
[Date "1996.??.??"]
[Round "5"]
[White "Mikhalevski, Victor"]
[Black "Avrukh, Boris"]
[Result "1/2-1/2"]
[WhiteElo "2495"]
[BlackElo "2495"]

1.d4 Nf6 2.Bg5 Ne4 3.Bf4 c5 4.f3 Qa5+ 5.c3 Nf6 6.Nd2 cxd4 7.Nb3 Qd8 8.cxd4 g6
9.e4 Bg7 10.Bd3 O-O 11.Ne2 d6 12.Be3 Nc6 13.Qd2 a5 14.Rc1 a4 15.Na1 d5 16.e5 Nd7
17.h4 Qa5 18.h5 Qxd2+ 19.Kxd2 Nb6 20.h6 Bh8 21.Rc5 f6 22.f4 Bf5 23.Nc2 Rfd8
24.Na3 Be4 25.Rb5 Ra6 26.Rg1 Kf7 27.g4 g5 28.exf6 gxf4 29.Bxf4 Rd7 30.Rf1 exf6
31.Be3 Nc8 32.Bxe4 dxe4 33.Nc4 Ke8 34.Rf4 Ne5 35.Rxe4 Kf7 36.Rbxe5 fxe5 37.Nxe5+ Bxe5
38.Rxe5 Nd6 39.Kd3 Rb6 40.Rg5 Rxb2 41.Rg7+ Ke8 42.Rg8+ Kf7 43.Rg7+  1/2-1/2

[Event "Beersheba"]
[Site "Beersheba"]
[Date "1996.??.??"]
[Round "7"]
[White "Mikhalevski, Victor"]
[Black "Tseitlin, Mark D"]
[Result "1/2-1/2"]
[WhiteElo "2495"]
[BlackElo "2545"]

1.d4 Nf6 2.Bg5 Ne4 3.Bf4 d5 4.Nd2 c5 5.Nxe4 dxe4 6.dxc5 Qa5+ 7.c3 Qxc5 8.Qd4 Qxd4
9.cxd4 Nc6 10.O-O-O e5 11.dxe5 Be6 12.Kb1 e3 13.Bxe3 Nb4 14.Rc1 Bf5+ 15.Ka1 Nc2+
16.Rxc2 Bxc2 17.Nf3 Be4 18.g3 b6 19.Bh3 Bc5 20.Bxc5 bxc5 21.Rf1 Ke7 22.Nd2 Bd5
23.Kb1 Rhd8 24.Kc2 a5 25.Ra1 Rab8 26.e4 Bc6 27.f3 Rb4 28.Bf1 Rbd4 29.Nc4 Bb5
30.Nd6 Bd7 31.Kc3 Rb8 32.Nc4 a4 33.Ne3 Be6 34.Bc4 Bxc4 35.Nxc4 Ke6 36.Re1 Rbd8
37.Nd6 f6 38.Nb7 Rd3+ 39.Kc2 Rd2+ 40.Kc1 R8d4 41.Nxc5+ Kxe5 42.f4+ Kd6 43.e5+ Kxc5
44.e6 a3 45.b4+ Kxb4 46.e7 Rb2 47.e8=Q Rc4+ 48.Kd1 Rd4+  1/2-1/2

[Event "Beersheba"]
[Site "Beersheba"]
[Date "1996.??.??"]
[Round "9"]
[White "Tunik, Gennady"]
[Black "Avrukh, Boris"]
[Result "1/2-1/2"]
[WhiteElo "2475"]
[BlackElo "2495"]

1.d4 Nf6 2.Bg5 Ne4 3.Bf4 d5 4.Nd2 c5 5.Nxe4 dxe4 6.dxc5 Qa5+ 7.c3 Qxc5 8.Qa4+ Qc6
9.Qxc6+ Nxc6 10.f3 e5 11.Be3 Bf5 12.g4 Be6 13.Nh3 f6 14.Nf2 exf3 15.exf3 Ne7
16.Bd3 Nd5 17.Bd2 O-O-O 18.O-O-O Bc5 19.Ne4 Bb6 20.Bc4 h5 21.h3 Rd7 22.Bb3 Nc7
23.Bxe6 Nxe6 24.Kc2 Rc7  1/2-1/2

[Event "Berliner Sommer"]
[Site "Berlin"]
[Date "1996.??.??"]
[Round "3"]
[White "Breutigam, Martin"]
[Black "Istratescu, Andrei"]
[Result "1/2-1/2"]
[WhiteElo "2380"]
[BlackElo "2535"]

1.d4 Nf6 2.Bg5 Ne4 3.h4 d5 4.Nd2 Bf5 5.Nxe4 Bxe4 6.f3 h6 7.Bf4 Bh7 8.e3 e6
9.Bd3 Bxd3 10.Qxd3 c5 11.Bxb8 Rxb8 12.f4 cxd4 13.exd4 Bd6 14.g3 Qa5+ 15.Kf1 Qa6
16.Qxa6 bxa6 17.Rb1 Ba3 18.b3 Rc8 19.c4 O-O 20.c5 f6 21.Nf3 e5 22.dxe5 Rxc5
23.Kg2 Rc2+ 24.Kh3 Rc3 25.Rhf1 fxe5 26.Nxe5 Rd8 27.Rbd1 Rc2 28.Rf3 Bb2 29.Nc4 Bf6
30.Rfd3 dxc4 31.Rxd8+ Bxd8 32.Rxd8+ Kh7 33.bxc4 Rxa2 34.h5 Rc2 35.Rc8 a5
36.Rc7 a4 37.Kg4 a3 38.Rxa7 Rxc4 39.Rxa3 Rc5 40.Ra7 Rb5 41.Re7 Ra5 42.Re5 Ra3
43.Rb5 Rc3 44.Rb7 Ra3 45.Re7 Ra5 46.f5 Kg8 47.Kf4 Ra4+ 48.Re4 Ra3 49.Rb4 Kf7
50.g4 Ra5 51.Rb7+ Kf6 52.Rb6+ Kf7 53.Rc6 Ra4+ 54.Kg3 Ra3+ 55.Kh4 Rb3 56.Rg6 Rf3  1/2-1/2

[Event "Berliner Sommer"]
[Site "Berlin"]
[Date "1996.??.??"]
[Round "4"]
[White "Schmidt, A."]
[Black "Timoshenko, Georgy"]
[Result "0-1"]
[WhiteElo "2170"]
[BlackElo "2510"]

1.d4 Nf6 2.Bg5 Ne4 3.Bf4 d5 4.Nd2 Bf5 5.Nxe4 Bxe4 6.e3 e6 7.Nf3 Bd6 8.Bxd6 Qxd6
9.c3 Nd7 10.Ng5 Bg6 11.Be2 a6 12.O-O c5 13.Bd3 f6 14.Nf3 Rc8 15.Rc1 Bxd3
16.Qxd3 c4 17.Qe2 f5 18.Nd2 O-O 19.f4 b5 20.g4 Rb8 21.b4 a5 22.a3 Ra8 23.g5 axb4
24.axb4 Ra3 25.Rc2 Rfa8 26.Rfc1 Nb6 27.Nf3 Qe7 28.Ne5 Qe8 29.g6 h6 30.Qh5 Qe7
31.Nc6 Qf6 32.Ne5 Nc8 33.Nf7 Ra1 34.Kf1 Qe7 35.Kg1 R8a2 36.Rxa1 Rxa1+ 37.Kg2 Qa7
38.Qh4 Ne7 39.Ne5 Kf8 40.Qf2 Ng8 41.h3 Nf6 42.Nf7 Qa4 43.Nd6 Ke7 44.Nb7 Qb3
45.Nc5 Qb1 46.Kg3 Qh1 47.Qh2 Qd1 48.Qe2 Qg1+ 49.Kh4 Qxg6 50.Ra2 Qg1  0-1

[Event "Berliner Sommer"]
[Site "Berlin"]
[Date "1996.??.??"]
[Round "5"]
[White "Kulaots, Kaido"]
[Black "Loginov, Valery A"]
[Result "0-1"]
[WhiteElo "2405"]
[BlackElo "2525"]

1.d4 Nf6 2.Bg5 Ne4 3.Bf4 c5 4.d5 Qb6 5.Nd2 Nxd2 6.Bxd2 Qxb2 7.e4 Qe5 8.Bd3 Qc7
9.c4 e5 10.f4 d6 11.Nf3 Be7 12.Rb1 exf4 13.Bc3 O-O 14.g3 f5 15.e5 dxe5 16.Bxe5 Bd6
17.gxf4 Nd7 18.Bxd6 Qxd6 19.Qc1 Re8+ 20.Kf1 Nf6 21.Nh4 Ng4 22.Ng2 b6 23.Rb3 Bd7
24.Be2 Re7 25.Bf3 Rae8 26.h3 Nf6 27.Kg1 Ne4 28.Kh2 a6 29.Nh4 g6  0-1

[Event "Berliner Sommer"]
[Site "Berlin"]
[Date "1996.??.??"]
[Round "6"]
[White "Cech, Pavel"]
[Black "Mikhalevski, Victor"]
[Result "1-0"]
[WhiteElo "2325"]
[BlackElo "2500"]

1.d4 Nf6 2.Bg5 Ne4 3.h4 c5 4.d5 Qb6 5.Nd2 Nxd2 6.Bxd2 Qxb2 7.Rh3 d6 8.Bc3 Qb6
9.Rg3 Nd7 10.Rb1 Qc7 11.e4 Nf6 12.Bb5+ Kd8 13.Qe2 a6 14.Bc4 b5 15.e5 Ng4
16.Rxg4 Bxg4 17.Qxg4 bxc4 18.Nf3 Rb8 19.Rxb8+ Qxb8 20.Ng5 Ke8 21.Qh5 g6 22.Qf3 Bh6
23.Qxf7+ Kd8 24.exd6 Bxg5 25.hxg5 Re8 26.Ba5+  1-0